00584nam a2200217 a 4500001001300000003000900013005001700022008004100039020001000080082001600090100001900106245006500125260004200190300000900232500003500241505001000276650002000286650002300306650001800329700001900347nice12345678IN_TiNIC20260116011618.0050524s1969 oxfa grp 000 0 eng  ac10000a181.07bDOU aDouglas, Ian H aLife and Religious Thought of Abul Kalam Azad, D.Phil Thesis aOxfordbOxford University Pressc1969 a257p aincludes index and biblioraphy2 aNotes aAbul Kalam Azad aPhilosophy-Islamic aIndia-History1 aDouglas, Ian H